Preciznost a elegance

Bibliographic Details
Main Author: Knotek, Jiří (Author)
Other Authors: Jansa, Martin (Photographer)
Format: Article
Language:Czech
PhysicalDescription:Fotogr.
ISSN:1212-5210
Subjects:
Online Access:http://www.rf-hobby.cz

MARC

LEADER 00000nab a2200000 a 4500
001 vtls010485483
003 SK-MaSNL
005 20260303090514.0
008 130125 2013 xo m 000 0 cze
015 |a SNBRB2013/01  |2 lmaosk 
040 |a LMAOSK  |b slo  |c LMAOSK  |e AACR2 
041 0 |a cze 
044 |a xo  |c SK 
080 |a 623.442.6  |2 1981 
100 1 |a Knotek, Jiří  |4 aut  |9 604284 
245 1 0 |a Preciznost a elegance  |c Jiří Knotek ; foto Martin Jansa 
300 |b Fotogr. 
650 0 7 |a guľovnice  |2 lmaosk  |9 26610 
650 0 7 |a lovecké palné zbrane  |2 lmaosk  |9 486064 
650 0 7 |a opakovacie guľovnice  |2 lmaosk  |9 1050260 
650 0 7 |a konštrukcie zbraní  |2 SNKPH  |9 106824 
650 0 7 |a technické údaje  |2 lmaosk  |9 497101 
700 1 |a Jansa, Martin  |4 pht  |9 1087445 
773 0 |t Zbraně & náboje : časopis muže, který zná svůj cíl  |g Roč. XIV, č. 1 (2013), s. 44-[45]  |x 1212-5210 
852 |a LMAOSK  |b KIS3GCP 
856 4 1 |u http://www.rf-hobby.cz 
958 |a NB 
958 |a CZ 
999 |c 1803555  |d 1805485